000 01018nam a2200277 a 4500
001 000043766
005 20201002044947.0
008 140424s1988 po ac 000 0 spa d
020 _a8570280084
040 _aDO-SdBNP
_bspa
_cBNPHU
082 _aB869.4
_bL771p
100 1 _aLispector, Clarice,
_d1920-1977.
_971601
245 1 0 _aA paixao segundo G.H. /
_cClarice Lispector ; edicção crítica Benedito Nunes.
260 _aSão Paulo, Brasil :
_bUNESCO,
_c1988.
300 _axxxviii, 366 p. :
_bil., retrs. ;
_c24 cm.
490 1 _aArquivos
_v13
500 _aIncluye referencias bibliográficas y notas al pie de las páginas
504 _aBibliografía : p. 309-366
600 1 4 _aLISOECTOR, CLARICE
_d1925-1977
_971602
650 4 _aRomance brasileño
_971603
650 4 _aLiteratura brasileña
_9823
700 1 2 _aNunes, Benedito
_eed.
_971604
710 2 2 _aOrganizaciones de las Naciones Unidas para la Educación
_956288
830 0 _aArquivos ;
_n13
_971605
910 _aValidado. Control de calidad MFF
999 _c43255
_d43255